Feng-šuej pro kancelář /

Saved in:
Bibliographic Details
Main Author: Wilkink, Kathryn (Author)
Format: Book
Language:Czech
Published: Bratislava: Eugenika Publishing, 2016
Subjects:
Tags: Add Tag
No Tags, Be the first to tag this record!

MARC

LEADER 00000nam a22000003a 4500
001 0115084
003 SK-STU
005 20250423141350.9
007 ta
008 250423s ----xo-----e------000-0-----d
040 |a STU  |b slo 
041 0 |a cze  |h cze 
044 |a xo 
100 1 |a Wilkink, Kathryn  |4 aut 
245 1 0 |a Feng-šuej pro kancelář /  |c aut. Kathryn Wilkink 
260 |a Bratislava:  |b Eugenika Publishing,  |c 2016 
300 |a 146 s. 
650 0 7 |a feng šuej 
996 |b 284V038218  |c V* 53712/O-24803  |l VVT  |s P  |a 0  |w 0115084_0001